00378nam a2200145Ia 4500008004100000020001800041041001200059082002000071100003400091245002700125250001200152260003300164300000800197650002700205231221s9999 xx 000 0 und d a81-261-1495-9 aEnglish a651.4 SUD;1 R aSudan, Amrik Singh. Kumar, N. 0aBusiness communication a1st ed. c2003bAnmol Publ.aNew Delhi a287 aBusiness,communication